000 01112cam a22003134a 4500
001 12848350
003 OSt
005 20140317163621.0
008 020710s2003 inua 001 0 eng
010 _a 2002109714
020 _a0789728516
040 _aDLC
_cDLC
_dDLC
042 _apcc
050 0 0 _aQA76.76.O63
_bC68337 2003
082 0 0 _a005.4/469
_221
100 1 _aCowart, Robert.
_926044
245 1 0 _aSpecial edition using Microsoft Windows XP home edition /
_cRobert Cowart, Brian Knittel.
246 3 _aMicrosoft Windows XP home edition
250 _aBestseller ed.
260 _aIndianapolis, Ind. :
_bQue,
_cc2003.
300 _axxiii, 1028 p. :
_bill. ;
_c23 cm. +
_e1 CD-ROM (4 3/4 in.)
500 _aIncludes index.
630 0 0 _aMicrosoft Windows (Computer file)
_925540
650 0 _aOperating systems (Computers)
_926045
700 1 _aKnittel, Brian.
_926046
906 _a7
_bcbc
_corignew
_d2
_eepcn
_f20
_gy-gencatlg
942 _2lcc
_cBK
999 _c58835
_d58809